Loading...
| Fine Arts - Classical Music | 0 | 11 | 0 | 0 | 110 | 84 | 114.45 | 0 | 1 |
| Fine Arts - Other Fine Arts | 0 | 6 | 0 | 3 | 60 | 100 | 121.00 | 0 | 2 |
| Literature - British Literature | 0 | 5 | 0 | 2 | 50 | 95 | 131.00 | 0 | 0 |
| History - American History | 0 | 5 | 0 | 1 | 50 | 95 | 122.00 | 0 | 0 |
| Painting & Sculpture | 0 | 6 | 3 | 1 | 45 | 77 | 117.00 | 0 | 1 |
| Philosophy | 0 | 4 | 0 | 1 | 40 | 60 | 112.50 | 0 | 0 |
| Social Science | 0 | 4 | 0 | 1 | 40 | 89 | 108.25 | 0 | 1 |
| Literature - American Literature | 0 | 4 | 1 | 0 | 35 | 82 | 116.75 | 0 | 1 |
| History - World History | 0 | 4 | 1 | 2 | 35 | 114 | 129.50 | 0 | 0 |
| Literature - World Literature | 0 | 4 | 1 | 0 | 35 | 89 | 119.75 | 0 | 1 |
| Literature - European Literature | 0 | 4 | 2 | 1 | 30 | 125 | 133.75 | 0 | 0 |
| Any History | 0 | 3 | 0 | 1 | 30 | 84 | 96.67 | 0 | 0 |
| Religion | 0 | 3 | 1 | 0 | 25 | 92 | 110.67 | 0 | 0 |
| Science - Physics | 0 | 2 | 0 | 1 | 20 | 77 | 103.50 | 0 | 0 |
| Science - Chemistry | 0 | 2 | 0 | 1 | 20 | 100 | 114.00 | 0 | 0 |
| History - European History | 0 | 2 | 1 | 1 | 15 | 129 | 135.50 | 0 | 0 |
| Mythology | 0 | 1 | 0 | 1 | 10 | 146 | 146.00 | 0 | 0 |
| Science - Biology | 0 | 1 | 1 | 0 | 5 | 127 | 127.00 | 0 | 0 |
| Geography | 0 | 0 | 1 | 0 | -5 | 0.00 | 0 | 0 |